Pays et monuments n°5 - Statistiques

Statistiques générales
  • Ce quiz a été pris 50 fois
  • Le résultat moyen est 4 sur 15
Statistiques - réponses
Par images Réponse % Correct
Sacsayhuamán, Pérou
77%
Tour d'Ulster, France
72%
Tikal, Guatemala
51%
Citerne Basilique, Turquie
47%
Khamsum Yulley Namgyal Choeten, Bhoutan
37%
Ulugh Beg Madrasa, Samarkand, Ouzbékistan
33%
Palais de Beiteddine, Liban
26%
Shrine of Remembrance, Australie
19%
Tajhat palace, Bangladesh
16%
Chinguetti Mosque, Mauritanie
14%
Basilique Notre Dame des Anges, Costa Rica
12%
Église de la Santísima Trinidad, Paraguay
9%
Forteresse Hisor, Tadjikistan
9%
Cathédrale de Nossa Senhora da Fatima, Mozambique
0%
Cathédrale de Rubaga, Ouganda
0%
Aucun quiz correspondant
Distribution des résultats
% des personnes avec chaque résultat
Percentile par nombre de réponses
Votre historique - résultats
Vous n’avez pas pris ce quiz